Geld, Währungswettbewerb und Währungssysteme Theoretische und historische Analyse der internationalen Geldwirtschaft
Gespeichert in:
| 1. Verfasser: | |
|---|---|
| Format: | Buch |
| Sprache: | Deutsch |
| Veröffentlicht: |
Frankfurt am Main
Campus
1992
|
| Ausgabe: | 1. Aufl. |
| Schriftenreihe: | Wirtschaftswissenschaft
Bd.20 |
| Schlagworte: | |
| Tags: |
Keine Tags, Fügen Sie das erste Tag hinzu!
|
MARC
| LEADER | 00000nam a2200000 4500 | ||
|---|---|---|---|
| 001 | c012061 | ||
| 005 | 20221206084722.2 | ||
| 020 | |a 3-593-34652-4 | ||
| 041 | 0 | |a ger | |
| 044 | |a DE | ||
| 245 | 1 | 0 | |a Geld, Währungswettbewerb und Währungssysteme |b Theoretische und historische Analyse der internationalen Geldwirtschaft |c Hansjörg Herr |
| 250 | |a 1. Aufl. | ||
| 264 | 1 | |a Frankfurt am Main |b Campus |c 1992 | |
| 300 | |a 372 s. | ||
| 490 | 1 | |a Wirtschaftswissenschaft |v Bd.20 | |
| 830 | 0 | |a Wirtschaftswissenschaft |v Bd.20 | |
| 610 | 2 | 0 | |a peniaze |
| 610 | 2 | 0 | |a mena |
| 610 | 2 | 0 | |a konkurencia |
| 610 | 2 | 0 | |a politika menová |
| 610 | 2 | 0 | |a banky |
| 610 | 2 | 0 | |a trh práce |
| 610 | 2 | 0 | |a devízy |
| 610 | 2 | 0 | |a merkantilizmus |
| 610 | 2 | 0 | |a kurz výmenný |
| 610 | 2 | 0 | |a dolár |
| 100 | 1 | |a Herr, Hansjörg | |